000 00581nam a2200181Ia 4500
003 GCL
008 140319s9999 xx 000 0 ara d
040 _aGCL /
_cGCL
082 0 4 _a811.9
_bم م
100 1 _aمحمد صالح الجابرى
245 1 0 _aمحمود بيرم التونسى فى المنفى /
_cمحمد صالح الجابرى
260 _a[S.N] :
_bدار العربية للعلوم ،
_c1987
490 _a
650 0 4 _aالشعراء
650 0 4 _aمحمود صالح الجابرى
650 0 4 _aمحمود بيرم التونسى
942 _2ddc
_cBK
999 _c54732
_d54732